000 08527cam a22018254i 4500
003 PE-LiUPU
005 20250813165544.0
008 190807s2019 sp a rb 001 0 spa d
020 _a8491131426
020 _a9788491131427
035 _a(Sirsi) a252417
040 _aPE-LiUPU
_bspa
_cPE-LiUPU
_erda
049 _aPRUA
082 0 4 _a616.9803
_bG45
_220
100 1 _aGil Hernández, Fernando,
_eautor.
245 _aTratado de medicina del trabajo /
_cFernando Gil Hernández.
250 _aTercera edición.
264 1 _aBarcelona :
_bElsevier,
_c[2019].
300 _aPaginación varida :
_bilustraciones ;
_c28 centímetros
336 _atext
_2rdacontent
337 _aunmediated
_2rdamedia
338 _avolume
_2rdacarrier
504 _aBibliografía al final de cada capítulo.
504 _aÍndice: páginas 887-915.
505 0 _aDeterminantes de salud -- Trabajo y salud -- La medicina del trabajo en la historia. Sociología laboral. Los cambios en el mundo del trabajo y los nuevos retos laborales del siglo XXI -- La especialidad de medicina del trabajo. Evolución histórica. Docencia. La especialidad de enfermería del trabajo -- Accidente de trabajo -- Enfermedades profesionales -- El Sistema de Seguridad Social -- Incapacidad laboral y jubilación -- El papel de las mutuas en la gestión de la incapacidad temporal por contingencias profesionales, comunes y otras prestaciones en las que colaboran con la Seguridad social -- Nociones de derecho laboral útiles para el médico del trabajo -- La responsabilidad en materia de prevención de riesgos laborales -- Valoración del daño en el ámbito laboral -- Baremos de aplicación en el ámbito laboral -- La gestión de las mutuas colaboradoras con la seguridad social en la prevención de riesgos laborales -- Derecho sanitario relacionado con la medicina del trabajo -- La formación del personal sanitario y técnico en materia de prevención de riesgos laborales -- Riesgos de incendios y explosiones. Sistemas de prevención y protección -- Riesgos eléctricos. Riesgos en baja y alta tensión. Sistemas de prevención y protección contra los riesgos eléctricos -- Riesgos mecánicos. Herramientas manuales. Sistemas de prevención y protección contra riesgos mecánicos. Evaluación del riesgo mecánico -- Ruido y vibraciones. Sistemas de prevención y protección. Evaluación de riesgos -- Iluminación y estrés térmico -- Radiaciones ionizantes y no ionizantes -- Contaminantes químicos. Conceptos básicos en toxicología industrial. Criterios de toxicidad. Protección individual frente a contaminantes químicos -- Evaluación de la exposición laboral a agentes químicos. Metodología de muestreo ambiental -- Agentes biológicos -- Ergonomía en el diseño de puestos de trabajo. Aplicaciones prácticas -- Tratamiento ergonómico de las condiciones ambientales: confort acústico, térmico, lumínico y cromático. Calidad de los ambientes interiores -- La carga de trabajo: carga física y mental -- Pantallas de visualización de datos -- La empresa saludable -- Gestión de residuos industriales -- Certificación y calidad en los servicios de prevención -- Las auditorías en prevención de riesgos laborales -- Comunicación, información y negociación en la empresa. La importancia de la gestión de los recursos humanos en la salud y el bienestar organizacional -- Normalidad y anormalidad psíquica. Exploración psicodiagnóstica en medicina del trabajo. Selección de personal. Profesiogramas -- Estrés laboral. Burnout. Trabajo a turnos. Acoso en el trabajo (mobbing) -- Neumología laboral (I). Las enfermedades pulmonares ocupacionales: etiopatogenia, clasificación, diagnóstico Y prevención -- Neumología laboral (II). Neumoconiosis. Enfermedad pulmonar producida por gases tóxicos, humos y aerosoles inhalados. Neumonitis por hipersensibilidad. Síndrome del edificio enfermo -- Neumología laboral (III). Neoplasias pleuropulmonares. Infecciones respiratorias. Asma y EPOC ocupacional -- Oftalmología laboral -- Otorrinolaringología laboral -- Traumatología laboral -- Enfermedades reumáticas y trabajo -- Dermatología laboral -- Aparato cardiovascular y trabajo -- Fisioterapia y rehabilitación. Nociones básicas para el médico del trabajo -- Toxicología industrial (I). Toxicidad de gases y vapores -- Toxicología industrial (II). Toxicidad de los disolventes -- Toxicología industrial (III). Toxicidad de los metales pesados -- Toxicología industrial (IV). Toxicidad de los plaguicidas -- Toxicología industrial (V). Carcinogénesis profesional de origen químico -- Toxicología industrial (VI). Toxicidad de los plásticos -- Biomonitorización en el medio laboral -- Las drogas en el mundo laboral -- Tecnopatías. Reconocimientos médicos en vigilancia de la salud: protocolos específicos -- Implantación y funcionamiento de un servicio de salud laboral en el seno del servicio de prevención. Documentación y organización -- La salud laboral en las mutuas colaboradoras CON la Seguridad Social. De la evaluación de riesgos a la vigilancia de la salud en las sociedades de prevención -- Diagnóstico genético en medicina del trabajo: aplicación preventiva de los análisis genéticos -- Investigación en medicina del trabajo. Metodología -- Organización de la prevención en el sector sanitario. Principales riesgos.
526 _aP203
526 _aP200
526 _aSEG65
526 _aSEG64
526 _aSEG63
526 _aSEG62
526 _aSEG61
526 _aSEG60
526 _aSEG59
526 _aSEG58
526 _aSEG57
526 _aSEG56
526 _aSEG55
526 _aSEG54
526 _aSEG53
526 _aSEG52
526 _aSEG51
526 _aSEG50
526 _aSEG49
526 _aSEG48
526 _aSEG47
526 _aSEG46
526 _aSEG24
526 _aSEG23
526 _aSEG22
526 _aSEG21
526 _aSEG20
526 _aSEG19
526 _aSEG18
526 _aSEG17
526 _aSEG16
526 _aSEG14
526 _aSEG13
526 _aSEG12
526 _aSEG11
526 _aSEG10
526 _aSEG09
526 _aSEG06
526 _aSEG05
526 _aSEG04
526 _aSEG03
526 _aSEG02
526 _aSEG68
526 _aSEG66
526 _aSEG45
526 _aSEG25
526 _aSEG01
526 _aP163
526 _aP162
526 _aP161
526 _aP160
526 _aP159
526 _aP158
526 _aP157
526 _aP156
526 _aP155
526 _aP154
526 _aP153
526 _aP152
526 _aP151
526 _aP150
526 _aP149
526 _aP142
526 _aP141
526 _aP140
526 _aP139
526 _aP138
526 _aP137
526 _aP132
526 _aP131
526 _aP130
526 _aP126
526 _aP125
526 _aP124
526 _aP123
526 _aP115
526 _aP122
526 _aP121
526 _aP116
526 _a P114
526 _aP112
526 _aP111
526 _aP104
526 _aP103
526 _aP102
526 _aP101
526 _aP100
526 _aP96
526 _aP95
526 _aP93
526 _aP92
526 _aP91
526 _aP88
526 _aP83
526 _aP82
526 _aP79
526 _aP78
526 _aP75
526 _aP74
526 _aP71
526 _aP69
526 _a P51
526 _aP49
526 _aP48
526 _aP47
526 _aP33
526 _aP31
526 _a P30
526 _aP29
526 _aP27
526 _aP26
526 _aP25
526 _aP24
526 _a P22
526 _aP10
526 _aP09
526 _a P08
526 _aP06
526 _aP05
526 _aP04
526 _aP01
541 _gE001-9;
650 0 4 _aMedicina industrial.
650 0 4 _aMedicina del trabajo.
910 _abgr
_bjpc
_cjpc
_d20190807
942 _2ddc
_cBOOK
994 _aC0
_bPEPRU
596 _a1
999 _a616.9803 G45 2019
_wDEWEY
_c31643
_i80434
_f2021-11-4
_g3
_lCCODEBUL1
_mBUL
_p147.00
_r0
_sY
_tBOOK
_u2019-8-7
_xSALUD
_zP82
_0COMPRA
_1FCOMPR3
_o.PUBLIC. ¡Documento de alto precio !
_o.STAFF. Colección Ciencias de la Salud
_d31643
980 _81
_gALBERTO SANCHEZ Responsable de Automatización